000 00308nam a2200133Ia 4500
008 260604s9999 xx 000 0 und d
020 _a9781472854391
082 _a940 KER
100 _aRobert kershaw
_935916
245 0 _aDünkirchen 1940
260 _bOsprey Publishing
500 _aHistory
942 _cBK
999 _c8756
_d8756